[Event "San Francisco TNM Litowsky op"]
[Site "San Francisco"]
[Date "2011.08.23"]
[Round "4"]
[White "Shnaiderman, Lazar"]
[Black "Oca Homer, Nicolas"]
[Result "1/2-1/2"]
[WhiteElo "1902"]
[BlackElo "1669"]
[PlyCount "109"]
[EventDate "2011.08.02"]
[EventType "swiss"]
[EventRounds "9"]
[EventCountry "USA"]
[SourceTitle "EXT 2016"]
[Source "ChessBase"]
[SourceDate "2015.10.08"]
[SourceVersion "1"]
[SourceVersionDate "2015.10.08"]
[SourceQuality "1"]

1. e4 a6 2. d4 h6 3. c4 e6 4. Nc3 d6 5. Nf3 Nf6 6. Bd3 Nc6 7. 0-0 e5 8. d5 Nb8 9. c5 g5 10. cxd6 cxd6 11. Be3 Bg7 12. Na4 Nbd7 13. Rc1 0-0 14. Ne1 Re8 15. g4 b5 16. Nc3 Nf8 17. f3 Ng6 18. Ne2 Bd7 19. Ng3 Nf4 20. Nf5 Bxf5 21. gxf5 N6h5 22. Kh1 Rc8 23. Rxc8 Qxc8 24. Ng2 Qd7 25. Rf2 Rc8 26. Rc2 f6 27. Nxf4 Nxf4 28. Bxf4 exf4 29. Qc1 Rxc2 30. Qxc2 Qa7 31. Kg2 Bf8 32. Qf2 Qb7 33. Qc2 Be7 34. Qe2 Bd8 35. a4 bxa4 36. Bxa6 Qc7 37. Qc4 Qxc4 38. Bxc4 Bb6 39. Bb5 Bd4 40. Bxa4 Bxb2 41. h3 h5 42. Be8 h4 43. Bb5 Kf8 44. Kf1 Ke7 45. Kg2 Kd8 46. Kf1 Kc7 47. Kg2 Kb6 48. Be8 Kc5 49. Bh5 Kd4 50. Bg4 Kd3 51. Bh5 Ke2 52. Bg4 Bd4 53. Bh5 Bf2 54. Bg4 Be3 55. Bh5 1/2-1/2

[Event "San Francisco TNM Spring op"]
[Site "San Francisco"]
[Date "2011.03.29"]
[Round "3"]
[White "Nelson, Christopher"]
[Black "Oca Homer, Nicolas"]
[Result "1-0"]
[WhiteElo "1524"]
[BlackElo "1674"]
[PlyCount "65"]
[EventDate "2011.03.15"]
[EventType "swiss"]
[EventRounds "8"]
[EventCountry "USA"]
[SourceTitle "EXT 2012"]
[Source "ChessBase"]
[SourceDate "2011.11.24"]
[SourceVersion "1"]
[SourceVersionDate "2011.11.24"]
[SourceQuality "1"]

1. e4 a6 2. d4 h6 3. f4 c5 4. Nf3 e6 5. Be2 cxd4 6. Qxd4 Nc6 7. Qd1 Bc5 8. a3 Nf6 9. Nc3 0-0 10. Nd2 b5 11. e5 Nh7 12. Nde4 Ba7 13. Nd6 f6 14. Bd3 Qb6 15. Bxh7+ Kxh7 16. Qd3+ g6 17. Nce4 Bb7 18. Nxb7 Qxb7 19. Nxf6+ Rxf6 20. exf6 Nd4 21. Rf1 Qxg2 22. Bd2 d5 23. 0-0-0 Rc8 24. Bc3 Ne2+ 25. Kb1 Nxc3+ 26. bxc3 Rc4 27. Rde1 Rc6 28. h4 Qg4 29. Rf3 d4 30. Qe4 Rc7 31. cxd4 Qg2 32. Rc3 Rxc3 33. Qxg2 1-0

[Event "San Francisco TNM Summer op"]
[Site "San Francisco"]
[Date "2009.07.14"]
[Round "8"]
[White "Manvelyan, Hovik"]
[Black "Oca Homer, Nicolas"]
[Result "1-0"]
[WhiteElo "1963"]
[BlackElo "1685"]
[PlyCount "99"]
[EventDate "2009.05.26"]
[EventType "swiss"]
[EventRounds "8"]
[EventCountry "USA"]
[SourceTitle "EXT 2012"]
[Source "ChessBase"]
[SourceDate "2011.11.24"]
[SourceVersion "1"]
[SourceVersionDate "2011.11.24"]
[SourceQuality "1"]

1. e4 a6 2. d4 h6 3. Nf3 d6 4. c4 e6 5. Nc3 Qd7 6. Be3 Be7 7. Bd3 Bd8 8. 0-0 c6 9. Qc2 Ne7 10. c5 d5 11. Ne5 Qc7 12. Bf4 0-0 13. Ng6 Nxg6 14. Bxc7 Bxc7 15. exd5 exd5 16. Rae1 Nd7 17. Bxg6 fxg6 18. Qxg6 Rf6 19. Re8+ Nf8 20. Qd3 Bf5 21. Qe2 Bd8 22. f4 Bd7 23. Re3 Ne6 24. Qd2 Bc7 25. g3 Raf8 26. Ne2 Bd8 27. Qb4 Bc8 28. Nc1 g5 29. Nd3 a5 30. Qc3 Ng7 31. Rfe1 Bh3 32. Ne5 Bc8 33. fxg5 hxg5 34. Rf3 Nf5 35. Qd2 Rh6 36. g4 Nh4 37. Rxf8+ Kxf8 38. Rf1+ Rf6 39. Rxf6+ Bxf6 40. Qxa5 Bxe5 41. Qd8+ Kf7 42. dxe5 Bxg4 43. Qf6+ Ke8 44. e6 Bh5 45. Qh8+ Ke7 46. Qxh5 Kxe6 47. Qg4+ Kf6 48. Qd7 Nf3+ 49. Kf2 Ne5 50. Qxb7 1-0

[Event "San Francisco TNM Spring op"]
[Site "San Francisco"]
[Date "2009.04.21"]
[Round "6"]
[White "Fuentes, Romulo C"]
[Black "Oca Homer, Nicolas"]
[Result "1-0"]
[WhiteElo "2083"]
[BlackElo "1753"]
[PlyCount "52"]
[EventDate "2009.03.16"]
[EventType "swiss"]
[EventRounds "8"]
[EventCountry "USA"]
[SourceTitle "EXT 2012"]
[Source "ChessBase"]
[SourceDate "2011.11.24"]
[SourceVersion "1"]
[SourceVersionDate "2011.11.24"]
[SourceQuality "1"]

1. e4 a6 2. Bc4 h6 3. Qh5 e6 4. Nc3 Nf6 5. Qf3 Nc6 6. Qg3 d6 7. Nge2 Ne5 8. Bb3 c5 9. d4 cxd4 10. Nxd4 Ng6 11. Be3 Bd7 12. Nxe6 Bxe6 13. Bxe6 Qe7 14. Bd5 Qc7 15. 0-0 Be7 16. Bb3 0-0 17. Qxg6 d5 18. Nxd5 Nxd5 19. Bxd5 Bf6 20. Bxh6 Kh8 21. Qh5 Kg8 22. Qg4 Qxc2 23. h4 Bxb2 24. Rab1 Bd4 25. Rxb7 Rab8 26. Rxb8 Rxb8 1-0

[Event "San Francisco TNM Spring op"]
[Site "San Francisco"]
[Date "2009.03.17"]
[Round "2"]
[White "Morgan, Jerry"]
[Black "Oca Homer, Nicolas"]
[Result "0-1"]
[WhiteElo "1420"]
[BlackElo "1753"]
[PlyCount "70"]
[EventDate "2009.03.16"]
[EventType "swiss"]
[EventRounds "8"]
[EventCountry "USA"]
[SourceTitle "EXT 2012"]
[Source "ChessBase"]
[SourceDate "2011.11.24"]
[SourceVersion "1"]
[SourceVersionDate "2011.11.24"]
[SourceQuality "1"]

1. f4 a6 2. Nf3 h6 3. e4 e6 4. Be2 g5 5. d4 g4 6. Ne5 h5 7. Nc3 d6 8. Nd3 Nc6 9. Be3 Bg7 10. e5 dxe5 11. dxe5 Nge7 12. Qd2 Nf5 13. 0-0-0 Nxe3 14. Qxe3 Qd4 15. Qxd4 Nxd4 16. Rhe1 Nxe2+ 17. Rxe2 b6 18. Nf2 f5 19. Red2 h4 20. Rd8+ Ke7 21. Rxh8 Bxh8 22. g3 Bg7 23. Nd3 Bb7 24. Ne2 Bf3 25. Rd2 Rh8 26. Nd4 Bb7 27. Nb4 hxg3 28. Ndc6+ Ke8 29. Rd8+ Kf7 30. Rxh8 g2 31. Nd8+ Kg6 32. Rg8 g1Q+ 33. Kd2 Qxh2+ 34. Kc3 Qxf4 35. Rxg7+ Kh6 0-1

[Event "San Francisco TNM Winter op"]
[Site "San Francisco"]
[Date "2009.01.13"]
[Round "2"]
[White "Oca Homer, Nicolas"]
[Black "Grey, Peter G"]
[Result "0-1"]
[WhiteElo "1677"]
[BlackElo "2000"]
[PlyCount "120"]
[EventDate "2009.01.06"]
[EventType "swiss"]
[EventRounds "8"]
[EventCountry "USA"]
[SourceTitle "EXT 2012"]
[Source "ChessBase"]
[SourceDate "2011.11.24"]
[SourceVersion "1"]
[SourceVersionDate "2011.11.24"]
[SourceQuality "1"]

1. c4 Nf6 2. b3 g6 3. Nc3 Bg7 4. d4 d5 5. e3 0-0 6. Nf3 c5 7. Qc2 Nc6 8. a3 cxd4 9. exd4 dxc4 10. Bxc4 Nxd4 11. Nxd4 Qxd4 12. Be3 Qe5 13. Rc1 Bf5 14. Qe2 a6 15. a4 Ng4 16. h3 Nxe3 17. Qxe3 Qxe3+ 18. fxe3 Bxc3+ 19. Rxc3 Rac8 20. a5 Be6 21. 0-0 Bxc4 22. bxc4 Rc5 23. Rb1 Rb8 24. Kf2 Rxa5 25. c5 Rc8 26. Rxb7 Raxc5 27. Rxc5 Rxc5 28. Rxe7 Kg7 29. e4 Kf6 30. Ra7 a5 31. h4 h5 32. Kf3 g5 33. hxg5+ Rxg5 34. g3 Rb5 35. Kf4 Kg6 36. Ra6+ f6 37. Ra8 Re5 38. Ra7 Rg5 39. Kf3 Rc5 40. Kf4 Re5 41. Kf3 f5 42. exf5+ Kxf5 43. Rf7+ Ke6 44. Ra7 Kd6 45. Kf4 Rb5 46. Ra6+ Kc5 47. Ke3 Kb4 48. Kd2 Kb3 49. Rf6 a4 50. Rc6 a3 51. Rc3+ Ka2 52. Kc1 Rb1+ 53. Kc2 Rb2+ 54. Kc1 Rb3 55. Rc2+ Ka1 56. Rc5 a2 57. Rxh5 Rc3+ 58. Kd2 Kb2 59. Ra5 Rxg3 60. Rb5+ Rb3 0-1

[Event "San Francisco TNM Winter op"]
[Site "San Francisco"]
[Date "2006.01.10"]
[Round "1"]
[White "Traub, Igor Vladimirovich"]
[Black "Oca Homer, Nicolas"]
[Result "1-0"]
[WhiteElo "2074"]
[BlackElo "1678"]
[PlyCount "68"]
[EventDate "2006.01.10"]
[EventType "swiss"]
[EventRounds "7"]
[EventCountry "USA"]
[SourceTitle "EXT 2007"]
[Source "ChessBase"]
[SourceDate "2006.11.23"]
[SourceVersion "1"]
[SourceVersionDate "2006.11.23"]
[SourceQuality "1"]

1. e4 h6 2. d4 a6 3. f4 d6 4. Bd3 Nf6 5. Nf3 b5 6. 0-0 Bb7 7. Qe2 c5 8. c3 e6 9. e5 c4 10. Bc2 Nd5 11. f5 Qe7 12. b3 dxe5 13. bxc4 Nf4 14. Bxf4 exf4 15. fxe6 Qxe6 16. Qxe6+ fxe6 17. Bg6+ Ke7 18. cxb5 Nd7 19. Nh4 Kf6 20. Rxf4+ Kg5 21. Rf7 Rd8 22. g3 axb5 23. Nd2 Bd5 24. Rb1 Nf6 25. Rxb5 Kg4 26. Nf1 Ra8 27. Ne3+ Kg5 28. c4 Ra3 29. cxd5 Rxe3 30. dxe6+ Kg4 31. Bf5+ Kh5 32. Bh3+ g5 33. Rxf6 Bg7 34. Ng2 Bxf6 1-0